| 000 | 02196cam a2200301 i 4500 | ||
|---|---|---|---|
| 003 | SA-RiAUC | ||
| 005 | 20251120123824.0 | ||
| 008 | 251005s1997 su g 000 0 ara c | ||
| 024 | 0 | _a00000000984908 | |
| 040 |
_aSA-JeALM _bara _cSA-RiAUC _dAE-DuMBRL _erda |
||
| 050 | 4 | _b.A23 1997 | |
| 082 | 0 | 4 |
_a250 _qSA-RiAUC |
| 090 |
_a250 _bا ب ا |
||
| 100 | 1 |
_aأبا الخيل، سليمان بن عبد الله، _d1961- _eمؤلف. |
|
| 245 | 1 | 0 |
_aمقدمة في الفقه : _bالفقه، أصوله، مصادره، مزاياه، المذاهب الفقهية الأربعة / _cتأليف الدكتور سليمان بن عبد الله بن حمود أبا الخيل. |
| 250 | _aالطبعة الأولى. | ||
| 264 | 1 |
_aالرياض : _bدار العاصمة للنشر والتوزيع، _c1997 |
|
| 300 |
_a206 صفحة ؛ _c24 سم. |
||
| 336 |
_aنص _btxt _2rdacontent _3كتاب |
||
| 337 |
_aبدون وسيط _bn _2rdamedia |
||
| 338 |
_aمجلد _bnc _2rdacarrier |
||
| 505 | 0 | _aالمحتويات:-مقدمة في الفقه-تعريف الفقه، الفرق بين الفقه وكل من الشريعة وأصول الفقه-مصادر الفقه الإسلامي، مميزات الفقه الإسلامي، الاجتهاد، أسباب اختلاف الفقهاء-المذاهب الفقهية الأربعة، تمهيد (العصور التي مر بها الفقه قبل بداية المذاهب الفقهية)-المذاهب الفقهية الأربعة: أولا: الإمام أبو حنيفة (المنسوب إليه المذهب الحنفي)، ثانيا: الإمام مالك (المنسوب إليه المذهب المالكي)، ثالثا: الإمام الشافعي (المنسوب إليه المذهب الشافعي)، رابعا: الإمام أحمد (المنسوب إليه المذهب الحنبلي)، ... وموضوعات أخرى. | |
| 650 | 7 |
_aأصول الفقه الإسلامي _2aucsh |
|
| 650 | 7 |
_aالفقه الإسلامي _xمذاهب _2aucsh |
|
| 650 | 7 |
_aالحديث _xالجوامع (عدا ما ذكر في الكتب الستة) _2aucsh |
|
| 942 |
_2ddc _cBOOK _n0 |
||
| 949 |
_aSA-JeALM _d251005 _uosman123 _n1 |
||
| 999 |
_c13367 _d13367 |
||